| 000 | 01465nmc a2200517 a 4500 | ||
|---|---|---|---|
| 003 | AR-BaBNM | ||
| 005 | 20251128203455.0 | ||
| 008 | 167019s1970 ||||||||||||||000 | spa|| | ||
| 040 | _cAR-BaBNM | ||
| 100 | 1 | _aDuverger, Maurice | |
| 245 | 1 | 0 | _aInstituciones políticas y derecho constitucional |
| 250 | _a5ª ed. | ||
| 260 |
_aBarcelona _bEditorial Ariel _c1970 |
||
| 300 | _a639 p. | ||
| 490 | 0 | _aDemos - biblioteca de ciencia política | |
| 500 | _aIndice alfabético p. 617-632 | ||
| 500 | _aIndice p. 633-639 | ||
| 504 | _aContiene bibliografía | ||
| 504 | _aBibliografía general p. 60-63 | ||
| 650 | 4 | _aDERECHO CONSTITUCIONAL | |
| 650 | 4 | _aESTADO | |
| 650 | 4 | _aPODER POLITICO | |
| 650 | 4 | _aDEMOCRACIA | |
| 650 | 4 | _aLIBERALISMO | |
| 650 | 4 | _aAUTORITARISMO | |
| 650 | 4 | _aDICTADURA | |
| 650 | 4 | _aSOCIALISMO | |
| 650 | 4 | _aCAPITALISMO | |
| 650 | 4 | _aMONARQUIA | |
| 650 | 4 | _aSISTEMAS POLITICOS | |
| 650 | 4 | _aPODERES DEL ESTADO | |
| 650 | 4 | _aPARTIDOS POLITICOS | |
| 651 | 4 | _aEspaña | |
| 651 | 4 | _aCuba | |
| 651 | 4 | _aAmérica Latina | |
| 651 | 4 | _aArgentina | |
| 700 | 1 |
_aVerdú, Pablo Lucas _eprologuista |
|
| 700 | 1 |
_aSolé-Tura, Jorge _ecolaborador |
|
| 700 | 1 |
_aLago Carballo, Antonio _ecolaborador |
|
| 700 | 1 |
_aCarreras, Francisco de _ecolaborador |
|
| 700 | 1 |
_aMolas, Isidro _etraductor |
|
| 700 | 1 |
_aVallés, José María _etraductor |
|
| 700 | 1 |
_aGerpe, Manuel _etraductor |
|
| 942 | _cBK | ||
| 998 | _cAndrea | ||
| 999 |
_c3551 _d3551 |
||